00362pab a2200121 454500008004000000100002000040245010100060260000900161300001300170362000800183650001800191773003100209180718b2011 xxu||||| |||| 00| 0 eng d aWitzel, Michael aShamanism in Northern and Southern Eurasia: Their distinctive methods of change of consciousness c2011 ap.39-61. aMar aConsciousness aSocial Science Information